| 000 | 01954nam a2200397 c 4500 | ||
|---|---|---|---|
| 003 | BLK | ||
| 005 | 20231027124641.0 | ||
| 008 | 180408b bul|||||r ||||||| ||bul|| | ||
| 010 | _aKNG00066051000 | ||
| 040 | _aBLK | ||
| 041 |
_aFRE _cFRE |
||
| 080 |
_aИстория. Вж и (091) ; (093) _b93/99 _z93/99 |
||
| 100 |
_91299 _aWeber, Georges _eпърви автор |
||
| 139 | _aWeber, Georges | ||
| 245 | 1 | 0 |
_aHistoire universelle _bT. 1 - _nT. 13 _cGeoges Weber _pHistoire contemporaine 1830 - 1872 |
| 257 | _aFRA | ||
| 260 |
_bA. Lacroix et C _c1883 _9435934 _aParis |
||
| 300 | _c17 см | ||
| 380 | _a9 | ||
| 490 |
_9435080 _aКолекция Редки и ценни издания |
||
| 490 |
_9435931 _aЛична библиотека на Захари Стоянов _v61 |
||
| 500 | _aДатирано: 27.ІV. 936 № 201. | ||
| 650 | 4 |
_aСвят - история _9269230 |
|
| 653 | _aсветовна история | ||
| 760 | 1 |
_d1875 _h348 с. _oT. 13 |
|
| 852 |
_aРф 883 ЗСт _bРц |
||
| 856 | 4 |
_qjpg _fСъдържание _lreg users access _uhttp://185.138.176.146:18082/cgi-bin/koha/opac-retrieve-file.pl?id=088b8ac90bfa641d860dc46215ed3fb2 _xpicjpg _zСъдържание 1 |
|
| 856 | 4 |
_qjpg _fСъдържание _lreg users access _uhttp://185.138.176.146:18082/cgi-bin/koha/opac-retrieve-file.pl?id=8088d1275cac4d0bc56397fc3e080ce8 _xpicjpg _zСъдържание 2 |
|
| 856 | 4 |
_qjpg _fСъдържание _lreg users access _uhttp://185.138.176.146:18082/cgi-bin/koha/opac-retrieve-file.pl?id=9f682bea063003eb9191697c30cfbbec _xpicjpg _zСъдържание 3 |
|
| 856 | 4 |
_qjpg _fСъдържание _lreg users access _uhttp://185.138.176.146:18082/cgi-bin/koha/opac-retrieve-file.pl?id=99e124cf6afa27643466ce691103f9c5 _xpicjpg _zСъдържание 4 |
|
| 942 |
_cKNG _n0 _s1 |
||
| 944 |
_aCR _c2020-11-05 _k30542 _lРусанова Ирена |
||
| 944 |
_aED _c03.12.2005 |
||
| 999 |
_c391294 _d391294 |
||
| 999 | _d391294 | ||
| 999 | _d391294 | ||